000
00292nam a22001217a 4500
008
190205b xxu||||| |||| 00| 0 eng d
041
_a
eng
080
_2
4th
_a
510
100
_a
36
101
_a
MAT
245
_a
College Algebra with Modeling & Visualization
_c
Rockswold,G
942
_2
udc
_c
BK
999
_c
54040
_d
54040